Click the City Ending - Statistics

General Stats
  • This quiz has been taken 375 times
  • The average score is 26 of 30
Answer Stats
Hint Answer % Correct
St Peters burg
97%
Johannes burg
97%
Welling ton
97%
Washing ton
97%
Salz burg
96%
Cleve land
96%
Nash ville
96%
Islama bad
95%
Ham burg
95%
Auck land
95%
Hamil ton
95%
Jackson ville
95%
Zheng zhou
95%
Guang zhou
94%
Bos ton
93%
Port land
91%
Edmon ton
91%
Hous ton
89%
Louis ville
89%
Ahmeda bad
88%
Branden burg
88%
Hydera bad
84%
Libre ville
84%
Brazza ville
84%
Hang zhou
80%
Northumber land
75%
Su zhou
69%
Yekaterin burg
67%
Duis burg
61%
Se ville
59%
No matching quizzes found
Score Distribution
Percent of People with Each Score
Percentile by Number Answered
Your Score History
You have not taken this quiz